MARC

LEADER 00000nam0a2200000 4500
001 135588
005 20231101220548.0
035 |a (RuTPU)RU\TPU\book\146942 
090 |a 135588 
100 |a 20080414d1980 m y0rusy50 ca 
101 0 |a rus 
102 |a RU 
105 |a a j 001zy 
200 1 |a Основаы теории и расчета точности измерительных систем летательных аппаратов  |e учебное пособие для вузов  |f Н. Е. Конюхов, М. А. Куликов  |g Куйбышевский авиационный институт им. С. П. Королева 
210 |a Куйбышев  |c Изд-во КАИ  |d 1980 
215 |a 76 с.  |c ил. 
320 |9 572  |a Библиогр.: с. 73-74 
606 1 |a Радиотелеметрия  |x В авиации  |2 stltpush  |3 (RuTPU)RU\TPU\subj\23172  |9 47809 
610 1 |a измерительные системы 
610 1 |a точность 
610 1 |a расчеты 
610 1 |a летательные аппараты 
610 1 |a погрешности измерения 
610 1 |a анализ 
610 1 |a числовые характеристики 
610 1 |a измерительные цепи 
610 1 |a суммирование 
610 1 |a учебные пособия 
675 |a 629.73.05:621.3(075.8)  |v 3 
700 1 |a Конюхов  |b Н. Е.  |g Николай Евгеньевич 
701 1 |a Куликов  |b М. А.  |g Михаил Александрович 
712 0 2 |a Куйбышевский авиационный институт им. С. П. Королева  |c (1969-1992)  |2 stltpush  |3 (RuTPU)RU\TPU\col\8161  |9 24490 
801 1 |a RU  |b 63413507  |c 20080414  |g PSBO 
801 2 |a RU  |b 63413507  |c 20210413  |g RCR 
942 |c BK